000 00467nam a2200157 4500
001 122130
003 ES-MaACL
005 20230906191921.0
007 t|
008 070214s1951 sp r ||||1| spa d
100 1 _aPrieto, Gregorio.
_993885
245 1 0 _aPor tierras de Ysabel la Católica /
_cóleos, dibujos y texto por Gregorio Prieto.
260 _aMadrid :
_bPlenitud,
_c1951.
300 _a110 p., 20 lám. ;
_c28 cm.
852 _aES-MaACL
_jD-7043
_bR.32188
999 _c122130
_d122130